IFM Opac

Developing New Banking Products :A manager's guide (Record no. 20924)

MARC details
000 -LEADER
fixed length control field 00357nam a22001337a 4500
020 ## - INTERNATIONAL STANDARD BOOK NUMBER
International Standard Book Number 0132046032
082 ## - DEWEY DECIMAL CLASSIFICATION NUMBER
Classification number 332.17068 REI
100 ## - MAIN ENTRY--PERSONAL NAME
Personal name Reidenbach, R.Eric.
9 (RLIN) 9179
245 ## - TITLE STATEMENT
Title Developing New Banking Products :A manager's guide
260 ## - PUBLICATION, DISTRIBUTION, ETC.
Place of publication, distribution, etc. New Jersey
Name of publisher, distributor, etc. Prentice-Hall
Date of publication, distribution, etc. 1987
300 ## - PHYSICAL DESCRIPTION
Extent 206p.
Other physical details ill: 20cm
700 ## - ADDED ENTRY--PERSONAL NAME
Personal name Grubbs, M.Ray
9 (RLIN) 9180
942 ## - ADDED ENTRY ELEMENTS (KOHA)
Koha item type Books
Holdings
Withdrawn status Lost status Damaged status Not for loan Collection code Home library Current library Shelving location Date acquired Source of acquisition Total Checkouts Full call number Barcode Date last seen Price effective from Koha item type
        Non-fiction IFM Main Campus Library IFM Main Campus Library Archival Collection 10/08/2021 Purchase   332.17068 REI 0000000731 10/08/2021 10/08/2021 Books